Responses for Show #6540 - Friday, February 8, 2013

2013 Teen Tournament semifinal game 3.

Contestants

[<< previous game]

Nilai Sarda, a freshman from Marietta, Georgia

Emily Greenberg, a senior from Westport, Connecticut

Leonard Cooper, a senior from Little Rock, Arkansas

[next game >>]

Jeopardy! Round responses

AFRICAN AMERICANS
MOVIES BY CAST
WEIRD SCIENCE
INTERNATIONAL LANGUAGE LESSONS
BE PRODUCTIVE
WORK"ER"S
    $200 1
Tyra Banks

Nilai
    $200 4
(Alex: And that was a lot of fun--[*].)

Bend It Like Beckham

Triple Stumper
    $200 2
volcano

Emily
    $200 21
time

Leonard
    $200 13
63

Emily
    $200 3
butcher

Leonard
    $400 18
Dred Scott

Nilai
    $400 5
Thor

Nilai
    $400 27
pressure

Leonard
    $400 22
the Sabbath

Nilai
    $400 12
10,000

Nilai
    $400 14
teller

Nilai
    $2,000 19
the Boston Massacre

Nilai
    $600 16
Disturbia

Leonard
    $600 26
the Caribbean

Leonard
    $600 23
the baby

Nilai
    $600 11
1/4

Leonard
    $600 28
a carpenter

Triple Stumper
    $800 8
Gabby Douglas

Nilai
    $800 15
Nick & Norah

Emily
    $800 6
cockroaches

Leonard
    $800 24
pen name

Leonard
    $800 9
25a2b

Nilai
    $800 29
a spinster

Leonard
    $1000 20
the pericardium

Triple Stumper
    $1000 17
Dirty Dancing

Leonard
    $1000 7
methane

Nilai
    $1000 25
danke schön

Triple Stumper
    $1000 10
2.42

Nilai
    $1000 30
confectioner

Nilai

Scores at the first commercial break (after clue 15):

Leonard Emily Nilai
$1,600 $1,200 $5,000

Scores at the end of the Jeopardy! Round:

Leonard Emily Nilai
$6,000 $1,200 $9,400

Double Jeopardy! Round responses

HISTORY IS HAPPENING
COMPLETE THE LYRIC
LET'S VISIT A MUSEUM
BOOKS & AUTHORS
WHAT TO WEAR?
STARTS WITH...
    $400 20
the Berlin Wall

Emily
    $400 17
boo

Triple Stumper
    $400 30
Tutankhamen

Leonard
    $400 1
a wallflower

Emily
    $400 11
a bracelet

Emily
    $400 6
wake

Leonard
    $800 23
Depression

Nilai
    $800 18
New York, New York

Triple Stumper
    $800 29
Discovery

Leonard
    $800 2
The Scarlet Letter

Emily
    $800 12
(Leonard: What are jeans?)

boots

LeonardEmily
    $800 7
Kaiser

Emily
    $1200 25
(Saddam) Hussein

Nilai
    $1200 14
"The One That Got Away"

Emily
    $1200 28
Athens

Leonard
    $1200 3
Dr. Jekyll & Mr. Hyde

Emily
    $1200 13
acid (bleach accepted)

Nilai
    $1200 8
zealous

Emily
    $1600 24
(Alex: [*] is the ship, yes.)

the Monitor

Nilai
    $1600 19
a Seven Nation Army

Leonard
    $2,000 26
(Alex: [*] is the right country.)
(Nilai: There's that geography.)

Spain

Nilai
    $2,000 4
The Fault In Our Stars

Emily
    $1600 15
quilting

Triple Stumper
    $1600 9
vagabond

Leonard
    $2000 22
The Charge Of The Light Brigade

Emily
    $2000 21
Unforgiven

Leonard
    $2000 27
St. Augustine

Leonard
    $2000 5
[Applause for Emily's run of the category]
(Alex: Correct, and you did very well in that category. You picked the right one in which to start.)

Miss Peregrine

Emily
    $2000 16
glam

Emily
    $2000 10
umbrage

Emily

Scores at the end of the Double Jeopardy! Round:

Leonard Emily Nilai
$15,200 $18,400 $16,200

[wagering suggestions for these scores]

Final Jeopardy! Round responses

U.S. GOVERNMENT
(Alex: [To Emily] Not looking happy. Why? She--oh, she got the right response. Did she risk enough?)
[Emily shakes her head; the audience gasps.]
(Alex: No, just $6,000. And that means that Nilai Sarda, congratulations to you. You are a finalist. Come on over here, young man. You get to start off next week playing for $75,000, and here is one of your opponents...)
(Barrett: Barrett Block, Lexington, Kentucky.)
(Alex: Barrett won the first of our semifinals. Remember, yesterday we told you that the high scorer among non-winners would join these two--Nilai and Barrett. And the second high scorer is $30,200--Leonard Cooper. Way to go, young man. You get to play for $75,000 also, on Monday. Join us then. So long, everybody.)
LeonardWhat is FEMA
$15,000
NilaiWhat is FEMA
$14,200
EmilyWhat is FEMA?
$6,000
FEMA

Final scores:

Leonard Emily Nilai
$30,200 $24,400 $30,400
2nd place: wildcard finalist 3rd place: $10,000 Finalist

Game dynamics:

Coryat scores:

Leonard Emily Nilai
$15,200 $18,000 $14,400
18 R,
1 W
17 R
(including 1 DD),
0 W
18 R
(including 2 DDs),
0 W

Combined Coryat: $47,600

[game clues] [game scores] [suggest correction]

Game tape date: 2012-11-20
The J! Archive is created by fans, for fans. Scraping, republication, monetization, and malicious use prohibited; this site may use cookies and collect identifying information. See terms. The Jeopardy! game show and all elements thereof, including but not limited to copyright and trademark thereto, are the property of Jeopardy Productions, Inc. and are protected under law. This website is not affiliated with, sponsored by, or operated by Jeopardy Productions, Inc. Join the discussion at JBoard.tv.